000 00393nam a2200169Ia 4500
008 210210b1943 xxu||||| |||| 00| 0 eng d
041 _aeng
082 _a828/493
100 _aPICK (John)
245 _aGerard Manley Hopkins
260 _aLondon
_bOxford University Press
_c1943
650 _aManley
650 _aHopkins
650 _aGerard
690 _aBiography
906 _a016337
999 _c135840
_d135840